[Event "Mechanics' Summer TNM; 30/90, SD/30"]
[Site "San Francisco"]
[Date "2013.07.09"]
[Round "7.25"]
[White "Montoya, Daniel"]
[Black "MacIntyre, Brendan"]
[Result "0-1"]
[WhiteElo "1570"]
[BlackElo "1655"]
[PlyCount "64"]
[EventDate "2013.??.??"]

1. e4 c5 2. d4 cxd4 3. c3 dxc3 4. Nxc3 Nc6 5. Nf3 Nf6 6. Bc4 e6 7. O-O Be7 8.
Bf4 a6 9. Qe2 O-O 10. e5 Nh5 11. Bd2 d5 12. Bb3 g6 13. Ne1 Nd4 14. Qd1 Nxb3 15.
Qxb3 Qc7 16. g4 Ng7 17. Bf4 b5 18. Rc1 Qd7 19. Ne2 Bb7 20. Nd4 Rfc8 21. Nec2
Rc4 22. Qh3 f6 23. Rfe1 f5 24. gxf5 exf5 25. b3 Rc5 26. Rcd1 Ne6 27. Nxe6 Rxc2
28. Nd4 Rc5 29. Qg3 Qc8 30. e6 Rc3 31. Qg2 Qf8 32. Nf3 d4 0-1

[Event "Mechanics' Spring TNM; 30/90, SD/30"]
[Site "San Francisco"]
[Date "2013.04.16"]
[Round "5.35"]
[White "Montoya, Daniel"]
[Black "Rubandhas, Samprabhu"]
[Result "1/2-1/2"]
[WhiteElo "1570"]
[BlackElo "1333"]
[Annotator "Donaldson"]
[PlyCount "46"]
[EventDate "2013.??.??"]

1. e4 e5 2. Nf3 Nc6 3. d4 exd4 4. Nxd4 Bc5 5. Nxc6 Qf6 6. Qf3 dxc6 7. Bc4 Be6
8. Qxf6 gxf6 9. Bxe6 fxe6 10. Nc3 O-O-O 11. Ke2 Ne7 12. Be3 Bd6 (12... Bxe3 13.
Kxe3 $14) 13. Rhd1 Rhg8 14. g3 f5 15. f4 (15. Rd3 $1 $14) 15... e5 (15... Bb4
16. Na4 fxe4 17. Bc5 Bxc5 18. Nxc5) 16. Rf1 exf4 17. Bxf4 fxe4 18. Nxe4 (18.
Bxd6 Rxd6 19. Rf7 Nd5 20. Rxh7 Nxc3+ 21. bxc3 Rgd8 $11) 18... Bxf4 19. Rxf4 Nd5
20. Rf7 Rde8 21. Kf3 Rgf8 22. Rxf8 Rxf8+ 23. Ke2 Re8 1/2-1/2

[Event "Mechanics' Summer TNM; 30/90, SD/30"]
[Site "San Francisco"]
[Date "2013.06.18"]
[Round "4.34"]
[White "Montoya, Daniel"]
[Black "Standen, Julian"]
[Result "1-0"]
[WhiteElo "1570"]
[BlackElo "1657"]
[PlyCount "67"]
[EventDate "2013.??.??"]

1. e4 d5 2. exd5 Qxd5 3. Nc3 Qa5 4. d4 c6 5. Bc4 Nf6 6. Bd2 Bf5 7. Qe2 e6 8. d5
cxd5 9. Nxd5 Qd8 10. Nxf6+ gxf6 11. O-O-O Nc6 12. Bc3 Bh6+ 13. Kb1 Qe7 14. g4
$1 Bg6 15. h4 $1 Rd8 16. Rxd8+ Qxd8 17. h5 Be4 18. f3 Bd5 19. Bxf6 $2 (19. Bxd5
Qxd5 20. Bxf6 $16) 19... Qxf6 20. Bxd5 O-O 21. Be4 Rd8 22. Bd3 Nb4 23. Nh3 Bg7
24. Bxh7+ Kxh7 25. Qe4+ Kg8 26. Qxb4 Qxf3 27. Qe1 $11 Rd4 28. Nf2 Rf4 29. Nd3
Rxg4 $2 (29... Re4 $11) 30. h6 $1 Bd4 31. h7+ Kh8 32. Ne5 Bxe5 33. Qxe5+ f6 34.
Qb8+ 1-0

[Event "Mechanics' Neil Falconer TNM; 30/90, SD"]
[Site "San Francisco"]
[Date "2013.08.06"]
[Round "1.6"]
[White "Moore, Randolph E"]
[Black "Rumph, Todd"]
[Result "0-1"]
[WhiteElo "1718"]
[BlackElo "2167"]
[PlyCount "62"]
[EventDate "2013.??.??"]

1. e4 e5 2. Bc4 Nf6 3. Nc3 Bc5 4. d3 c6 5. Qf3 d6 6. h3 Nbd7 7. Bg5 h6 8. Bxf6
Qxf6 9. Qxf6 Nxf6 10. Na4 Bb4+ 11. c3 Ba5 12. b4 Bc7 13. Bb3 a5 14. Ne2 axb4
15. cxb4 Be6 16. Bc2 O-O 17. O-O d5 18. Nc5 Bc8 19. Ng3 g6 20. a3 Kg7 21. Bb3
h5 22. Bc2 b6 23. Na4 Bd7 24. Nb2 Bd6 25. Rfb1 Ra6 26. Nd1 h4 27. Ne2 b5 28. a4
bxa4 29. Ndc3 d4 30. b5 Rb6 31. bxc6 Rxc6 0-1

[Event "Mechanics' Neil Falconer TNM; 30/90, SD"]
[Site "San Francisco"]
[Date "2013.08.20"]
[Round "3.29"]
[White "Moore, Randolph E"]
[Black "Vichik, Adam"]
[Result "1-0"]
[WhiteElo "1718"]
[BlackElo "1262"]
[Annotator "Donaldson"]
[PlyCount "67"]
[EventDate "2013.??.??"]

1. e4 e6 2. d4 d5 3. Nc3 Bb4 4. e5 c5 5. Bd2 cxd4 6. Nb5 Bxd2+ 7. Qxd2 Ne7 8.
f4 Nbc6 9. Nf3 Nf5 10. Bd3 a6 11. Bxf5 axb5 12. Bd3 Qa5 13. Qxa5 Rxa5 14. Kd2
b4 15. Rhd1 b6 16. Ke1 f6 (16... Ba6 17. Bxa6 Rxa6 18. Nxd4 Kd7) (16... Bd7)
17. a3 bxa3 18. Rxa3 Rxa3 19. bxa3 fxe5 20. fxe5 Ke7 21. Rb1 Kd7 22. Rxb6 Kc7
23. Rb1 g6 24. Bb5 Rf8 25. Bxc6 Kxc6 26. Nxd4+ Kc5 27. c3 Kc4 28. Rc1 Rf4 (
28... Bd7) 29. Nf3 Re4+ 30. Kf2 Ba6 $4 (30... Kd3 $11) 31. Nd2+ Kd3 32. Nxe4
dxe4 33. c4 Kd2 34. Re1 1-0

[Event "Mechanics' Neil Falconer TNM; 30/90, SD"]
[Site "San Francisco"]
[Date "2013.08.20"]
[Round "3.17"]
[White "Morgan, Jerry"]
[Black "Alzhin, Leonid"]
[Result "0-1"]
[WhiteElo "1579"]
[BlackElo "1873"]
[Annotator "Donaldson"]
[PlyCount "77"]
[EventDate "2013.??.??"]

1. f4 d5 2. Nf3 g6 3. d3 Bg7 4. c3 Nf6 5. Qc2 Bf5 6. Nbd2 c6 7. e4 dxe4 8. dxe4
Bg4 9. Bc4 Qb6 10. Nb3 Nbd7 11. e5 Bf5 12. Qe2 Nd5 13. Nfd4 Be6 14. Nxe6 fxe6
15. Nd4 c5 16. Nb3 (16. Nf3) 16... O-O 17. O-O Rad8 18. Qg4 a5 19. a4 Kh8 20.
Rf3 Rf7 21. Bd2 Nf8 22. h4 Rf5 23. Raf1 h5 24. Qh3 Bh6 25. g4 hxg4 26. Qxg4 Kh7
27. Rh3 Nd7 28. Bb5 c4+ 29. Nd4 Nxe5 30. fxe5 Bxd2 31. Qe2 Rxf1+ 32. Kxf1 Rf8+
33. Rf3 Ne3+ $4 34. Kg1 (34. Kf2 Nf5 (34... Rxf3+ 35. Kxf3 Bc1 36. Qe1 Bxb2 37.
Qxe3) 35. Qxd2 $18) 34... Rxf3 35. Qxf3 Nf5 36. h5 (36. Kh2 Nxd4 37. Qf7+)
36... Be3+ 37. Kf1 Bxd4 38. hxg6+ Kg7 39. Kg2 $4 0-1

[Event "Mechanics' Fall TNM; 30/90, SD/30"]
[Site "San Francisco"]
[Date "2013.12.17"]
[Round "9.18"]
[White "Morgan, Jerry"]
[Black "Chea, Na"]
[Result "0-1"]
[WhiteElo "1625"]
[BlackElo "1434"]
[Annotator "Donaldson"]
[PlyCount "48"]
[EventDate "2013.??.??"]

1. f4 Nf6 2. Nf3 d5 3. e3 g6 4. b4 Bg7 5. Bb2 O-O 6. Be2 b6 7. O-O Bb7 8. Na3
a6 9. c4 dxc4 10. Nxc4 b5 11. Nce5 Nd5 12. Qb3 Qd6 13. a3 Bc8 14. Rac1 Be6 15.
Ng5 $2 {Diagram #} (15. Qd1 $16) 15... Nxf4 $19 16. Nxe6 Nxe2+ 17. Kh1 Nxc1 18.
Bxc1 Qxe6 19. Qxe6 fxe6 20. Nf3 Nc6 21. Kg1 a5 22. d4 axb4 23. axb4 Ra1 24. Bd2
Rfa8 0-1

[Event "Mechanics' Spring TNM; 30/90, SD/30"]
[Site "San Francisco"]
[Date "2013.04.30"]
[Round "7.28"]
[White "Morgan, Jerry"]
[Black "Cohee, James"]
[Result "1-0"]
[WhiteElo "1464"]
[BlackElo "1656"]
[PlyCount "45"]
[EventDate "2013.??.??"]

1. f4 Nf6 2. Nf3 d5 3. e3 Bg4 4. h3 Bxf3 5. Qxf3 e6 6. d3 c5 7. e4 Nc6 8. c3 d4
9. Na3 a6 10. Bd2 Be7 11. O-O-O O-O 12. g4 b5 13. g5 Nd7 14. e5 Rc8 15. Kb1 g6
16. h4 Nb6 17. h5 Na4 18. Bh3 Qa5 19. hxg6 hxg6 20. Bxe6 Kg7 21. Bxc8 dxc3 22.
Qh3 c2+ 23. Nxc2 1-0

[Event "Mechanics' Neil Falconer TNM; 30/90, SD"]
[Site "San Francisco"]
[Date "2013.09.03"]
[Round "5.28"]
[White "Morgan, Jerry"]
[Black "Cole, Tony"]
[Result "0-1"]
[WhiteElo "1579"]
[BlackElo "1400"]
[PlyCount "44"]
[EventDate "2013.??.??"]

1. f4 Nf6 2. d3 d5 3. Nf3 Nc6 4. e3 Bf5 (4... Bg4 5. Be2 Bxf3 6. Bxf3 e5) 5.
Be2 e6 6. O-O Qd7 7. Ne5 Qd6 8. d4 h6 9. Na3 (9. c4 Be7 10. Nc3) 9... a6 10. c4
Ne4 $6 (10... Be7) 11. c5 Qe7 12. Nxc6 $6 (12. Qa4 $1) (12. Qb3 $1) 12... bxc6
13. Qe1 g5 14. Bf3 Nf6 15. fxg5 hxg5 16. Nb1 Bh6 17. Nc3 g4 18. Bd1 Qf8 19. Ba4
Kd7 20. Qe2 Qg7 21. Bd2 Qh7 22. Be1 $4 (22. g3 Bd3 23. Qg2 Bxf1 24. Rxf1) 22...
Bxe3+ 0-1

[Event "Mechanics' Summer TNM; 30/90, SD/30"]
[Site "San Francisco"]
[Date "2013.06.25"]
[Round "5.31"]
[White "Morgan, Jerry"]
[Black "Gomboluudev, Enkhjin"]
[Result "1-0"]
[WhiteElo "1575"]
[BlackElo "1106"]
[PlyCount "93"]
[EventDate "2013.??.??"]

1. f4 d5 2. Nf3 Nf6 3. e3 Bg4 4. h3 Bf5 5. g4 Bd7 6. d3 Nc6 7. Ne5 e6 8. Nd2
Bd6 9. Ndf3 h6 10. Qe2 Qe7 11. Bd2 O-O-O 12. O-O-O Nb4 13. Kb1 Ba4 14. Bc3
Bxc2+ 15. Ka1 Bxd1 16. Qxd1 Rhf8 17. Qa4 Kb8 18. Bg2 c6 19. Rb1 b5 20. Qb3 Kb7
21. Bxb4 Bxb4 22. Nxc6 Kxc6 23. Nd4+ Kb7 24. a3 Rd6 25. Qxb4 Qd7 26. Nxb5 Rb6
27. Qxf8 Rxb5 28. Qxg7 Ne8 29. Qd4 Nd6 30. e4 dxe4 31. Bxe4+ Ka6 32. Qa4+ Kb6
33. Rc1 Nxe4 34. dxe4 a6 35. Rd1 Qc6 36. Qd4+ Kb7 37. Qd7+ Qxd7 38. Rxd7+ Kb6
39. Rxf7 Kc5 40. Rf6 Kd6 41. Rxh6 Rb8 42. Rf6 Ke7 43. e5 Rf8 44. Rxf8 Kxf8 45.
h4 Kg7 46. h5 Kh7 47. b4 1-0

[Event "Mechanics' Spring TNM; 30/90, SD/30"]
[Site "San Francisco"]
[Date "2013.04.16"]
[Round "5.27"]
[White "Morgan, Jerry"]
[Black "Hack, Richard"]
[Result "1-0"]
[WhiteElo "1464"]
[BlackElo "1674"]
[PlyCount "57"]
[EventDate "2013.??.??"]

1. f4 f5 2. e4 fxe4 3. d3 exd3 4. Bxd3 Nf6 5. g4 d6 6. f5 h5 7. g5 Ng4 8. f6
Ne5 9. Bf4 Bg4 10. f7+ Kxf7 11. g6+ Ke8 12. Ne2 Nxd3+ 13. Qxd3 Qd7 14. Nbc3 Bf5
15. Qd5 e6 16. Qxb7 c6 17. Qxa8 Qc7 18. Nd4 Kd7 19. Nxf5 exf5 20. O-O-O Be7 21.
Rhe1 Rd8 22. Nd5 cxd5 23. Qxd5 Nc6 24. Qe6+ Ke8 25. Qf7+ Kd7 26. Qxf5+ Ke8 27.
Qf7+ Kd7 28. Qxg7 Kc8 29. Qf7 1-0

[Event "Mechanics' Neil Falconer TNM; 30/90, SD"]
[Site "San Francisco"]
[Date "2013.08.06"]
[Round "1.12"]
[White "Morgan, Jerry"]
[Black "Handigol, Abhishek"]
[Result "1-0"]
[WhiteElo "1579"]
[BlackElo "2008"]
[PlyCount "90"]
[EventDate "2013.??.??"]

1. f4 e5 2. fxe5 d6 3. exd6 Bxd6 4. Nf3 g5 5. g3 g4 6. Nh4 f5 7. d4 f4 8. Qd3
fxg3 9. hxg3 Ne7 10. e4 Nbc6 11. c3 Qd7 12. Nd2 Rf8 13. Nc4 Ng6 14. Nxd6+ Qxd6
15. Nxg6 Qxg6 16. Bf4 Bd7 17. O-O-O O-O-O 18. Bg2 Rde8 19. Rh6 Qg7 20. Rdh1
Rxf4 21. gxf4 Qf7 22. f5 Qxa2 23. Rxh7 Na5 24. Qb1 Nb3+ 25. Kc2 Qa4 26. Kd3
Bb5+ 27. Ke3 Qc4 28. Qd1 Qg8 29. R1h5 Qc4 30. f6 Nc1 31. f7 Rf8 32. Rf5 Nd3 33.
Qxg4 Bd7 34. Qg7 Bxf5 35. Qxf8+ Kd7 36. Qh6 (36. Qe8+ Kd6 37. f8=Q#) 36... Bxh7
37. f8=Q Bg8 38. Bh3+ Be6 39. Qf7+ Kc6 40. Bxe6 Qxe6 41. Qhxe6+ Kb5 42. Kxd3 b6
43. Qxc7 Ka6 44. Qcc4+ Ka5 45. Qed5+ b5 1-0

[Event "Mechanics' Spring TNM; 30/90, SD/30"]
[Site "San Francisco"]
[Date "2013.04.02"]
[Round "3.29"]
[White "Morgan, Jerry"]
[Black "Melville, Cailen"]
[Result "1-0"]
[WhiteElo "1464"]
[BlackElo "1863"]
[PlyCount "67"]
[EventDate "2013.??.??"]

1. f4 d5 2. Nf3 g6 3. d3 Nf6 4. c3 Bg7 5. Qc2 c5 6. e4 O-O 7. e5 Ne8 8. Be3 b6
9. Nbd2 Ba6 10. O-O-O Nc6 11. d4 cxd4 12. Nxd4 Nxd4 13. Bxd4 Qc8 14. Nf3 Nc7
15. Ng5 h6 16. Nf3 Rd8 17. h3 e6 18. g4 Bb5 19. h4 Qa6 20. Kb1 Bc4 21. Bxc4
dxc4 22. h5 Qb7 23. Rdf1 gxh5 24. Rxh5 Kf8 25. g5 hxg5 26. Nxg5 Ke7 27. Rh7 Rg8
28. f5 Rad8 29. f6+ Bxf6 30. exf6+ Kd7 31. Rg7 Rgf8 32. Nh7 Rg8 33. Rfg1 Rxg7
34. fxg7 1-0

[Event "Mechanics' Spring TNM; 30/90, SD/30"]
[Site "San Francisco"]
[Date "2013.03.26"]
[Round "2.20"]
[White "Morgan, Jerry"]
[Black "Ochoa, Jason"]
[Result "0-1"]
[WhiteElo "1464"]
[BlackElo "1913"]
[PlyCount "64"]
[EventDate "2013.??.??"]

1. f4 Nf6 2. e3 g6 3. Nf3 Bg7 4. Be2 O-O 5. O-O d5 6. d3 c5 7. c3 Nc6 8. Qc2
Bg4 9. e4 dxe4 10. dxe4 e5 11. Nxe5 Bxe2 12. Nxc6 Qd3 13. Ne7+ Kh8 14. Qxd3
Bxd3 15. e5 Ne4 16. Re1 Rad8 17. Nd2 Nxd2 18. Bxd2 Rd7 19. Re3 c4 20. Nxg6+
fxg6 21. e6 Re7 22. g3 Rfe8 23. Rae1 Bf5 24. Kf2 Rxe6 25. Rxe6 Rxe6 26. Rxe6
Bxe6 27. Be3 a5 28. Bd4 Bxd4+ 29. cxd4 Kg7 30. a3 Kf6 31. Kf3 Bd5+ 32. Kg4 b5
0-1

[Event "Mechanics' Fall TNM; 30/90, SD/30"]
[Site "San Francisco"]
[Date "2013.12.03"]
[Round "7.24"]
[White "Morgan, Jerry"]
[Black "Ross, David"]
[Result "0-1"]
[WhiteElo "1625"]
[BlackElo "1136"]
[PlyCount "58"]
[EventDate "2013.??.??"]

1. f4 Nf6 2. Nf3 g6 3. c3 Bg7 4. d3 O-O 5. e4 d6 6. Be2 c5 7. O-O Nc6 8. Qc2 e5
9. a4 a6 10. Nbd2 h6 11. Nc4 Nh5 12. fxe5 dxe5 13. Nfxe5 Nxe5 14. Bxh5 Nxc4 15.
Bxg6 fxg6 16. dxc4 Rxf1+ 17. Kxf1 Be6 18. Be3 Bxc4+ 19. Kg1 Qe7 20. Re1 Be5 21.
g3 Kh7 22. Kg2 Rd8 23. Rd1 Rxd1 24. Qxd1 b6 25. b3 Bf7 26. c4 g5 27. Qf3 Bg6
28. g4 Bc7 29. Kf2 Bxe4 0-1

[Event "Mechanics' Summer TNM; 30/90, SD/30"]
[Site "San Francisco"]
[Date "2013.06.11"]
[Round "3.35"]
[White "Morgan, Jerry"]
[Black "Rubandhas, Samprabhu"]
[Result "1-0"]
[WhiteElo "1575"]
[BlackElo "1333"]
[PlyCount "31"]
[EventDate "2013.??.??"]

1. f4 Nf6 2. Nf3 g6 3. c3 Bg7 4. d3 d6 5. e4 e5 6. Be2 c5 7. fxe5 Ng4 8. exd6
Qxd6 9. Na3 O-O 10. Nc4 Qc7 11. Ne3 Nc6 12. Nd5 Qd6 13. Bf4 Qd7 14. O-O Bh6 15.
Bxh6 Nxh6 16. Nf6+ 1-0

[Event "Mechanics' Winter TNM; 30/90, SD/30"]
[Site "San Francisco"]
[Date "2013.01.22"]
[Round "3.29"]
[White "Morgan, Jerry"]
[Black "Standen, Julian"]
[Result "1-0"]
[WhiteElo "1431"]
[BlackElo "1649"]
[PlyCount "109"]
[EventDate "2013.??.??"]

1. f4 d5 2. Nf3 Nf6 3. e3 Bg4 4. h3 Bxf3 5. Qxf3 Nbd7 6. g4 e5 7. g5 e4 8. Qe2
Ng8 9. Qb5 Ne7 10. Qxb7 g6 11. Qb5 Bg7 12. c3 O-O 13. d4 c6 14. Qe2 Nf5 15. Qf2
c5 16. h4 cxd4 17. cxd4 f6 18. Nc3 Nb6 19. Bd2 Rc8 20. h5 fxg5 21. hxg6 hxg6
22. O-O-O gxf4 23. exf4 Nxd4 24. Be3 Nf5 25. Bh3 Bxc3 26. bxc3 Rxc3+ 27. Kb1
Nxe3 28. Be6+ Kg7 29. Rdg1 Qf6 30. Qh2 Qxe6 31. Qh7+ Kf6 32. Rxg6+ Kf5 33. Rh5+
Kxf4 34. Rxe6 Nf5 35. Qg6 Rg3 36. Rxf5+ Rxf5 37. Qh6+ Kf3 38. Qh1+ Kf2 39. Qh4
Kf3 40. Qh1+ Kf2 41. Qh4 Rff3 42. Rc6 Nc4 43. Rc5 Ne3 44. Rc1 Ke2 45. Qh8 Rf1
46. Qb2+ Kf3 47. Qf6+ Kg2 48. Qb2+ Rf2 49. Qh8 Rf1 50. Qb2+ Rf2 51. Qh8 Rd2 52.
Qh1+ Kf2 53. Qe1+ Kf3 54. Qxd2 Rg2 55. Qc3 1-0

[Event "Mechanics' Fall TNM; 30/90, SD/30"]
[Site "San Francisco"]
[Date "2013.11.26"]
[Round "6.16"]
[White "Morgan, Jerry"]
[Black "Veksler, Alexander"]
[Result "0-1"]
[WhiteElo "1625"]
[BlackElo "1874"]
[Annotator "Veksler, Alexander"]
[PlyCount "70"]
[EventDate "2013.??.??"]

{Annotations by Aleksander Veksander, with significant input from Jerry Morgan.
This is one of the more interesting games that I have played in a tournament.
#counterattack} 1. f4 e6 2. Nf3 g6 3. d3 Nc6 $2 {(This knight was in the way
of advancing the c pawn for much of the game. It should have gone to d7
instead.)} 4. e4 Nf6 5. Be2 d5 6. e5 Nh5 7. g4 Ng7 8. d4 Bb4+ 9. c3 $6 {
(This opens up the queen flank for White. On the other hand, in some games the
king safely moves to a1 after long castling.)} Be7 10. h4 {
(protecting against ... Bh4+)} f5 11. g5 Nh5 12. Rg1 Bd7 13. Be3 a6 14. Nh2 Ng7
15. h5 O-O {(avoids semi-trapping the knight after h6)} 16. hxg6 hxg6 17. Nd2
b5 18. Nhf3 Na5 19. Nh4 Kf7 (19... Qe8 {could be safer - EW}) 20. Bf3 Nc4 (
20... b4 21. c4 Nxc4 22. Nxc4) 21. Nxc4 bxc4 22. Qe2 c5 23. Rh1 (23. dxc5 Qa5
24. Qf2 Rac8 25. a3 Bxc5 26. Bxc5 Rxc5) 23... Rh8 (23... Rb8 $2 24. Nxg6 Kxg6
25. Bh5+ Nxh5 (25... Kh7 26. Bf7+) 26. Qxh5+ Kg7 27. Qh7#) 24. Rh3 Qb6 25. Qh2
Rab8 26. Rb1 ({Sacrifice of knight at g6 begs itself at this point, but it
looks like it would not bear out:} 26. Nxg6 Rxh3 27. Qxh3 Qxb2 $3 {
EW: Stockfish 4 finds} (27... Kxg6 $2 28. Qh6+ Kf7 29. g6+) 28. Rc1 cxd4 29.
Nxe7 dxe3 30. g6+ Kxe7 31. Qh4+ Ke8 32. Qh8+ Ke7 33. Qh4+ {
draw! And considers this White's best path.}) (26. O-O-O {This move was
suggested by the computer [EW: not my computer!], possibly to muster
additional pressure on the h line.}) 26... Qa5 27. Ra1 (27. Nxg6 $5) 27... cxd4
28. Bxd4 Bc5 29. Rd1 $2 (29. Bxc5 Qxc5 30. Kf1 $11 {EW: Stockfish 4}) 29...
Bxd4 30. Rxd4 Qxa2 31. Rd2 Qb1+ 32. Kf2 Rxb2 33. Rxb2 Qxb2+ 34. Kg3 Qxh2+ (
34... Qxc3 {was even crushinger (EW)}) 35. Rxh2 Nh5+ (35... Nh5+ 36. Bxh5 Rxh5
{somehow looks less won to the computer than it does to the human eye - but
won. (EW)}) 0-1

[Event "Mechanics' Fall TNM; 30/90, SD/30"]
[Site "San Francisco"]
[Date "2013.10.29"]
[Round "2.24"]
[White "Morgan, Jerry"]
[Black "Vichik, Adam"]
[Result "1-0"]
[WhiteElo "1625"]
[BlackElo "1262"]
[Annotator "Donaldson"]
[PlyCount "49"]
[EventDate "2013.??.??"]

1. f4 d5 2. Nf3 Nf6 3. e3 c5 4. d3 Nc6 5. Be2 g6 6. O-O Bg7 7. Nc3 O-O (7... d4
) 8. e4 e6 9. e5 Nd7 10. Nb5 Ne7 11. Nd6 Nf5 12. Nxf5 gxf5 13. c3 b6 14. d4 f6
15. Be3 Qe8 16. Nh4 Kh8 17. Bh5 $14 Qe7 18. Ng6+ $2 hxg6 19. Bxg6 Bh6 20. Qh5
Qg7 $2 (20... Kg7 $1 $19) 21. Rf3 Rd8 (21... Ba6 22. Rh3 Rad8 23. g4 $5 fxg4 $4
24. f5 $1 $18) 22. Rg3 Qf8 23. Bf7 $1 Kh7 24. Qg6+ Kh8 25. Rh3 1-0

[Event "Mechanics' Neil Falconer TNM; 30/90, SD"]
[Site "San Francisco"]
[Date "2013.09.10"]
[Round "6.15"]
[White "Morton, Adam"]
[Black "Allen, Tom"]
[Result "1-0"]
[WhiteElo "2033"]
[BlackElo "1574"]
[PlyCount "73"]
[EventDate "2013.??.??"]

1. d4 Nf6 2. c4 e5 3. dxe5 Ng4 4. e4 Nxe5 5. f4 Ng6 6. Be3 Bb4+ 7. Nd2 Qe7 8.
Bd3 d6 9. Ngf3 O-O 10. Qc2 Na6 11. O-O Bc5 12. Bxc5 Nxc5 13. Nd4 Nxd3 14. Qxd3
Bd7 15. Rae1 Qh4 16. g3 Qg4 17. Qf3 Qxf3 18. Rxf3 Rae8 19. Rfe3 Ne7 20. N2f3 g6
21. e5 dxe5 22. Nxe5 Rd8 23. Nxd7 Rxd7 24. Rxe7 Rxd4 25. Rxc7 Rfd8 26. Kf2 Kf8
27. b3 R8d7 28. Rxd7 Rxd7 29. Re5 Rd2+ 30. Re2 Rd7 31. Ke3 f5 32. Rd2 Ke7 33.
Rxd7+ Kxd7 34. Kd4 b6 35. Kd5 h6 36. Ke5 Ke7 37. b4 1-0

[Event "Mechanics' Winter TNM; 30/90, SD/30"]
[Site "San Francisco"]
[Date "2013.01.08"]
[Round "1.19"]
[White "Morton, Adam"]
[Black "Cole, Tony"]
[Result "1-0"]
[WhiteElo "1989"]
[BlackElo "1500"]
[PlyCount "43"]
[EventDate "2013.??.??"]

1. d4 d5 2. c4 Nc6 3. cxd5 Qxd5 4. e3 Nf6 5. Nc3 Qh5 6. Be2 Qg6 7. Bf3 Bd7 8.
Nge2 O-O-O 9. e4 Bg4 10. Nf4 Bxf3 11. Nxg6 Bxd1 12. Nxh8 Bh5 13. e5 Nd5 14. Be3
e6 15. g4 Bxg4 16. Nxf7 Rd7 17. Ng5 h6 18. Nge4 Bf3 19. Rg1 Ndb4 20. Kf1 Nc2
21. Rc1 Nxe3+ 22. fxe3 {
Both scores unreadable at this point. White is easily winning.} 1-0

[Event "Mechanics' Neil Falconer TNM; 30/90, SD"]
[Site "San Francisco"]
[Date "2013.08.06"]
[Round "1.11"]
[White "Morton, Adam"]
[Black "Flores, David"]
[Result "1-0"]
[WhiteElo "2033"]
[BlackElo "1641"]
[PlyCount "63"]
[EventDate "2013.??.??"]

1. d4 Nf6 2. c4 e6 3. Nf3 c5 4. d5 exd5 5. cxd5 g6 6. Nc3 Bg7 7. e4 d6 8. Bb5+
Nbd7 9. e5 Qe7 10. O-O dxe5 11. Nxe5 O-O 12. Nc4 a6 13. Bxd7 Nxd7 14. Re1 Qh4
15. Re4 Qd8 16. a4 f5 17. Re1 Qh4 18. Qe2 Nf6 19. Nd6 Bd7 20. Qf3 Ng4 21. Bf4
Bd4 22. Bg3 Qf6 23. Nc4 Rae8 24. h3 Ne5 25. Nxe5 Rxe5 26. Bxe5 Bxe5 27. Re2 b5
28. axb5 axb5 29. Ra7 Qd6 30. Rxd7 Bh2+ 31. Kh1 Qxd7 32. Kxh2 1-0

[Event "Mechanics' Spring TNM; 30/90, SD/30"]
[Site "San Francisco"]
[Date "2013.03.26"]
[Round "2.10"]
[White "Morton, Adam"]
[Black "Hakobyan, Sos"]
[Result "1-0"]
[WhiteElo "2010"]
[BlackElo "1791"]
[PlyCount "115"]
[EventDate "2013.??.??"]

1. d4 Nf6 2. c4 c5 3. d5 g6 4. Nc3 Bg7 5. e4 d6 6. h3 h5 7. Nf3 a6 8. a4 b6 9.
Bf4 Nbd7 10. Bd3 Ra7 11. Qe2 Nh7 12. O-O O-O 13. e5 dxe5 14. Nxe5 Bxe5 15. Bxe5
Nxe5 16. Qxe5 Qd6 17. f4 Qxe5 18. fxe5 Kg7 19. a5 Rb7 20. Rf2 f6 21. e6 Rd8 22.
axb6 Rxb6 23. Na4 Rbd6 24. Nxc5 Ng5 25. Bc2 f5 26. Kh2 Rf8 27. Na4 Rf6 28. Nc3
Rb6 29. b3 Ne4 30. Nxe4 fxe4 31. Re2 Rf4 32. Rae1 a5 33. Rxe4 Rxe4 34. Rxe4 Rd6
35. Rf4 Kh6 36. Rf7 Bxe6 37. dxe6 Rxe6 38. Rf2 Re3 39. Rd2 Rc3 40. Re2 Kg5 41.
Kg1 Kf6 42. Kf2 g5 43. Ke1 g4 44. hxg4 hxg4 45. Kd2 Rg3 46. Kc1 e5 47. Kb2 Ke6
48. Ka3 Kd6 49. Ka4 Kc5 50. Rxe5+ Kd4 51. Re2 Kc5 52. Kxa5 Rc3 53. Ka4 Rg3 54.
Bf5 Rc3 55. Re5+ Kd6 56. Rd5+ Kc6 57. Kb4 Re3 58. Bxg4 1-0

[Event "Mechanics' Summer TNM; 30/90, SD/30"]
[Site "San Francisco"]
[Date "2013.06.04"]
[Round "2.12"]
[White "Morton, Adam"]
[Black "Kottcamp, Jeffrey"]
[Result "1-0"]
[WhiteElo "2012"]
[BlackElo "1782"]
[PlyCount "87"]
[EventDate "2013.??.??"]

1. d4 f5 2. Nc3 d5 3. Bf4 Nf6 4. f3 g6 5. Qd2 a6 6. O-O-O Nc6 7. h4 h6 8. Nh3
b5 9. e4 fxe4 10. fxe4 b4 11. Nxd5 Nxe4 12. Nxc7+ Qxc7 13. Bxc7 Nxd2 14. Rxd2
Bg7 15. c3 bxc3 16. bxc3 Bf5 17. Bd3 Bxd3 18. Rxd3 Rc8 19. Bb6 Nb4 20. Rf3
Nxa2+ 21. Kd2 Rb8 22. Bc5 Rb2+ 23. Kd3 Rf8 24. Rxf8+ Bxf8 25. Nf4 g5 26. hxg5
hxg5 27. Ne2 Bg7 28. Ra1 e5 29. Ba3 Rxe2 30. Kxe2 Nxc3+ 31. Kd3 exd4 32. Bc5
Nd5 33. g3 Nc7 34. Re1+ Kd8 35. Be7+ Kd7 36. Bxg5 Ne6 37. Bd2 Ke7 38. Ke4 Kf6
39. Kd5 Ng5 40. Ra1 Nf3 41. Rf1 Kf5 42. Rxf3+ Kg4 43. Rf7 Bh8 44. Rf8 1-0

[Event "Mechanics' Summer TNM; 30/90, SD/30"]
[Site "San Francisco"]
[Date "2013.06.18"]
[Round "4.13"]
[White "Morton, Adam"]
[Black "Luke, Gary"]
[Result "1-0"]
[WhiteElo "2012"]
[BlackElo "1808"]
[PlyCount "111"]
[EventDate "2013.??.??"]

1. d4 Nf6 2. c4 c5 3. d5 e5 4. Nc3 d6 5. e4 Be7 6. Nge2 O-O 7. f3 h6 8. Be3 Nh7
9. Bf2 f5 10. exf5 Bxf5 11. Ng3 Bd7 12. Bd3 Qe8 13. Qc2 Nf6 14. O-O Na6 15. a3
Nc7 16. Bg6 Qd8 17. b3 b5 18. Rab1 Nce8 19. Nf5 b4 20. axb4 cxb4 21. Ne2 Kh8
22. Neg3 Ng8 23. Nxe7 Nxe7 24. Be4 Nf6 25. Rfd1 Nxe4 26. fxe4 Bg4 27. Rdc1 Ng6
28. c5 Rc8 29. Qd2 Nf4 30. cxd6 Qxd6 31. Rxc8 Rxc8 32. Rc1 Rc7 33. Be3 a5 34.
h3 Bd7 35. Rxc7 Qxc7 36. d6 Qc3 37. Bxf4 exf4 38. Qxc3 bxc3 39. Ne2 c2 40. Kf2
g5 41. Ke1 f3 42. gxf3 Bxh3 43. Kd2 Kg7 44. Nd4 Kf6 45. Nxc2 Ke5 46. Ne3 Kxd6
47. Nc4+ Ke6 48. Ke3 Bf1 49. Nxa5 Bb5 50. Nc4 h5 51. f4 g4 52. f5+ Kf6 53. Kf4
Be8 54. b4 Bc6 55. e5+ Kf7 56. b5 1-0

[Event "Mechanics' Fall TNM; 30/90, SD/30"]
[Site "San Francisco"]
[Date "2013.10.22"]
[Round "1.8"]
[White "Morton, Adam"]
[Black "Morgan, Jerry"]
[Result "1-0"]
[WhiteElo "2033"]
[BlackElo "1625"]
[PlyCount "59"]
[EventDate "2013.??.??"]

1. d4 d5 2. c4 c6 3. Nc3 dxc4 4. e4 b5 5. a4 b4 6. Nce2 Nf6 7. Ng3 Ba6 8. Nf3
e6 9. Qc2 Be7 10. Bxc4 Bxc4 11. Qxc4 a5 12. O-O O-O 13. h3 Qd6 14. b3 Qd8 15.
Be3 Nfd7 16. Rfd1 Bd6 17. Ne2 Qc7 18. Rac1 Rc8 19. Qd3 Be7 20. d5 Ne5 21. Nxe5
Qxe5 22. Bf4 Qf6 23. Bxb8 Raxb8 24. Rxc6 Rxc6 25. dxc6 Bc5 26. c7 Qxf2+ 27. Kh1
Rc8 28. Qd8+ Rxd8 29. Rxd8+ Bf8 30. c8=Q 1-0